00499nam a22001937a 450000500170000001000130001702000100003003500130004003700160005304000120006908200150008124500730009626000370016927000250020630000200023165000130025165000150026470000260027920170124105951.0 aA-372035 c00.00 aA-372035 bCen Lib/Ret aDPLbEN a230.1bMOR aMoral dilemmas in the mahabharata /cedited by Bimal Krishna Matilal aDelhic1989bMotilal Banarsidass b DelhiaBunglow Road a156p.c21cm(Hb) aHinduism aMahabharat aMatial, Bimal Krishna